000 00622nam a2200193Ii 4500
003 JO-AjNU
008 230605s9999||||xx |||||||||||||| ||und||
017 _a930
040 _aJO-AjNU
_bara
_erda
_cJO-AjNU
041 _aara
050 1 4 _aU264.R3934
100 3 _aالراوي، حازم عبدالقهار ,
_eauthor
_99812
245 0 0 _aالصراع النووي : المفاهيم والحقائق
300 _a171ص
336 _atext
_btxt
_2rdacontent
337 _aunmediated
_bn
_2rdamedia
338 _avolume
_bnc
_2rdacarrier
650 4 _aالصراع النووي : المفاهيم والحقائق 
_99813
999 _aA1490
_c5058
_d5058